Central Library OPAC University of Rajshahi

The service rules / (Record no. 47238)

MARC details
000 -LEADER
fixed length control field 00696nam a2200241 a 4500
001 - CONTROL NUMBER
control field 47238
003 - CONTROL NUMBER IDENTIFIER
rucl marc code BD-RjUL
005 - DATE AND TIME OF LATEST TRANSACTION
control field 20211209054300.0
008 - FIXED-LENGTH DATA ELEMENTS--GENERAL INFORMATION
fixed length control field 160807s bg 000 0 eng
035 ## - SYSTEM CONTROL NUMBER
System control number (BD-RjUL)47357
040 ## - CATALOGING SOURCE
Original cataloging agency DLC
Transcribing agency DLC
Modifying agency BD-RjUL
Language of cataloging eng
041 ## - LANGUAGE CODE
Language code of text/sound track or separate title eng
082 00 - DEWEY DECIMAL CLASSIFICATION NUMBER
Classification number 354.5492001
Edition number 23
Author mark and year BAN 1984
110 1# - MAIN ENTRY--CORPORATE NAME
Corporate name or jurisdiction name as entry element Bangladesh.
9 (RLIN) 143832
245 14 - TITLE STATEMENT
Title The service rules /
260 ## - PUBLICATION, DISTRIBUTION, ETC. (IMPRINT)
Place of publication, distribution, etc. Dhaka :
Name of publisher, distributor, etc. Bangladesh Govt. Press,
Date of publication, distribution, etc. [?]
300 ## - PHYSICAL DESCRIPTION
Pagination Vol ;
Size 25 cm.
505 ## - FORMATTED CONTENTS NOTE
Formatted contents note V -1- 2-
650 #0 - SUBJECT ADDED ENTRY--TOPICAL TERM
Topical term or geographic name as entry element Civil service
Geographic subdivision Bangladesh.
9 (RLIN) 142785
710 2# - ADDED ENTRY--CORPORATE NAME
Corporate name or jurisdiction name as entry element Government of the people republic Bangladesh
Title of a work Bangladesh Service Rules.
9 (RLIN) 143812
942 ## - ADDED ENTRY ELEMENTS (KOHA)
Source of classification or shelving scheme Dewey Decimal Classification
Koha item type Books
Holdings
Lost status Source of classification or shelving scheme Damaged status Not for loan Collection code Permanent Location Current Location Shelving location Date acquired Source of acquisition Cost, normal purchase price Total Checkouts Full call number Date last seen Copy number Koha item type
  Dewey Decimal Classification     Non-fiction Central Library, University of Rajshahi Central Library, University of Rajshahi   14/03/1984 N/A 0.00   354.5492001 BAN 1984 07/08/2016 C-2 Books